Fire Emblem Engage Bond Rings Quiz - Statistics

General Stats
  • This quiz has been taken 41 times
  • The average score is 63 of 123
Answer Stats
World Name % Correct
World of the Hero-King Caeda
94%
World of the Caring Princess Alm
90%
World of the Lady of the Plains Eliwood
87%
Claude
84%
World of the Instructor Edelgard
84%
Hector
84%
Seliph
84%
Dimitri
81%
Faye
81%
Mae
81%
Soren
81%
Camilla
74%
Genny
74%
Leo
74%
World of the Young Lion Lilina
74%
Tiki
74%
Titania
74%
World of the Princess Exalt Chrom
71%
Felix
71%
Hinoka
71%
World of the Holy Knight Deirdre
68%
Takumi
68%
Xander
68%
Ferdinand
65%
Lysithea
65%
World of the Radiant Hero Mist
65%
Raphael
65%
Ryoma
65%
Saber
65%
Sakura
65%
World of the Azure Twins Seth
65%
Anna
61%
World of the Crux of Fate Azura
61%
Bernadetta
61%
Elise
61%
Ingrid
61%
Lissa
61%
Lukas
61%
World of the Dawn Maiden Sothe
61%
Florina
58%
Innes
58%
Joshua
58%
Minerva
58%
Sanaki
58%
Elincia
55%
Finn
55%
Merric
55%
World of the Sage Lord Nanna
55%
Tana
55%
Arden
52%
Flayn
52%
Gerik
52%
Jaffar
52%
L'Arachel
52%
Linde
52%
Ninian
52%
Nino
52%
Owain
52%
Quan
52%
Silque
52%
Tibarn
52%
Conrad
48%
Kris
48%
Lute
48%
Ogma
48%
Ranulf
48%
Ross
48%
Serra
48%
Sharena
48%
Tharja
48%
Valbar
48%
Wolt
48%
Countless Worlds Alfonse
45%
Ayra
45%
Delthea
45%
Fae
45%
Gatrie
45%
Jakob
45%
Marisa
45%
Matthew
45%
Mia
45%
Navarre
45%
Shinon
45%
Ced
42%
Cordelia
42%
Dorcas
42%
Ethlyn
42%
Lachesis
42%
Naesala
42%
Severa
42%
Black Knight
39%
Dieck
39%
Inigo
39%
Katarina
39%
Leanne
39%
Mareeta
39%
Rutger
39%
Amelia
35%
Azelle
35%
Cecilia
35%
Ilyana
35%
Lewyn
35%
Morgan
35%
Nailah
35%
Olwen
35%
Rebecca
35%
Sophia
35%
Caineghis
32%
Gaius
32%
Greil
32%
Lethe
32%
Nephenee
32%
Fir
29%
Lugh
29%
Asbel
26%
Erinys
26%
Legion
26%
Osian
26%
Sara
26%
Raigh
23%
Nowi
19%
Linoan
16%
Shia
3%
No matching quizzes found
Score Distribution
Percent of People with Each Score
Percentile by Number Answered
Your Score History
You have not taken this quiz